000 00657cam a22002293a 4500
001 1259
003 PGUSA
005 20140828082959.0
008 980301s1998||||xxu|||||s|||||000 1 eng d
040 _aPGUSA
_beng
042 _adc
050 4 _aPQ
100 1 _aDumas, Alexandre,
_d1802-1870
245 1 0 _aTwenty Years After
_h[electronic resource] /
_cAlexandre Dumas
260 _bProject Gutenberg,
_c1998
506 _aPublic domain in the USA.
516 _aElectronic text
653 _aFrance -- History -- Louis XIV, 1643-1715 -- Fiction
830 0 _aProject Gutenberg
_v1259
856 4 0 _uhttp://www.gutenberg.org/ebooks/1259
942 _cEB
999 _c230607
_d230607